Surface waves and discontinuities /

Salvato in:
Dettagli Bibliografici
Autore principale: Malischewsky, Peter
Natura: Libro
Lingua:English
Pubblicazione: Amsterdam ; New York : Elsevier, 1987.
Serie:Developments in solid earth geophysics ; 16.
Soggetti:
LEADER 01038nam a2200289 a 4500
001 c000165154
003 CARM
005 19880810000000.0
008 870429s1987 ne a b 001 0 eng
019 1 |a 5331974  |5 LACONCORD2021 
020 |a 0444989595  |c $100.00 (est.) 
035 |a (OCoLC)15697203  |5 LACONCORD2021 
040 |a LC  |b eng  |c LC  |d LC 
050 0 0 |a QE538.5  |b .M35 1987 
082 0 4 |a 551.2/2  |2 19 
100 1 |a Malischewsky, Peter. 
245 1 0 |a Surface waves and discontinuities /  |c Peter Malischewsky. 
260 |a Amsterdam ;  |a New York :  |b Elsevier,  |c 1987. 
300 |a 229 p. :  |b ill. ;  |c 25 cm. 
440 0 |a Developments in solid earth geophysics ;  |v 16. 
500 |a Includes indexes. 
504 |a Bibliography: p. [213]-222. 
650 0 |a Seismic waves. 
650 0 |a Wave guides. 
852 8 |b CARM  |h A2:AN21D0  |i C05985  |p 0217147  |f BK 
999 f f |i a65770ce-e606-5a1a-a883-4ed42fd8fd58  |s 52bd4682-e345-5aea-8fbe-092ac56c0a56 
952 f f |p Can circulate  |a CAVAL  |b CAVAL  |c CAVAL  |d CARM 1 Store  |e C05985  |f A2:AN21D0  |h Other scheme  |i book  |m 0217147